[Event "Hampstead op U2200 02"]
[Site "Hampstead"]
[Date "2013.02.16"]
[Round "2"]
[White "Walker, Adrian"]
[Black "Senior, Gary"]
[Result "0-1"]
[WhiteElo "1866"]
[BlackElo "2086"]
[PlyCount "88"]
[EventDate "2013.02.16"]
[EventType "swiss"]
[EventRounds "5"]
[EventCountry "ENG"]
[SourceTitle "EXT 2014"]
[Source "ChessBase"]
[SourceDate "2013.11.20"]
[SourceVersion "1"]
[SourceVersionDate "2013.11.20"]
[SourceQuality "1"]

1. e4 c5 2. d4 cxd4 3. c3 g6 4. Nf3 Bg7 5. Bc4 Qc7 6. Qb3 e6 7. Nxd4 Bxd4 8. cxd4 b5 9. Bxe6 fxe6 10. 0-0 Qc4 11. Qf3 Qxd4 12. Nc3 a6 13. Be3 Qf6 14. Qg3 Nc6 15. Rfe1 b4 16. Nd5 Qxb2 17. Nc7+ Kf7 18. Bg5 Ra7 19. Qf4+ Nf6 20. e5 Rf8 21. exf6 b3 22. axb3 Qxb3 23. Rab1 Qd3 24. h4 e5 25. Qc1 Rxc7 26. Rd1 Qf5 27. Qc5 e4 28. Rd5 Qe6 29. Rd6 Qe5 30. Rd5 Qe8 31. Rbd1 Kg8 32. Rd6 Qf7 33. Qc2 Re8 34. Qe2 Ne5 35. Qxe4 Nc4 36. Qg4 Nxd6 37. Rxd6 Re6 38. Rd1 d5 39. Qg3 Rd7 40. h5 a5 41. Rd3 Rd8 42. Qh4 Re1+ 43. Kh2 Bf5 44. Rxd5 Rxd5 0-1

[Event "High Wycombe e2e4 Intermediate op 03"]
[Site "High Wycombe"]
[Date "2012.03.18"]
[Round "5"]
[White "Walker, Adrian"]
[Black "Burcham, Tony"]
[Result "1/2-1/2"]
[WhiteElo "1766"]
[BlackElo "1598"]
[PlyCount "62"]
[EventDate "2012.03.16"]
[EventType "swiss"]
[EventRounds "5"]
[EventCountry "ENG"]
[SourceTitle "EXT 2014"]
[Source "ChessBase"]
[SourceDate "2013.11.20"]
[SourceVersion "1"]
[SourceVersionDate "2013.11.20"]
[SourceQuality "1"]

1. e4 c6 2. d4 d5 3. exd5 cxd5 4. Bd3 Nf6 5. c3 g6 6. Bf4 Bg7 7. Nf3 0-0 8. h3 Nc6 9. 0-0 Bd7 10. Re1 Re8 11. Nbd2 Qc8 12. Ne5 Bxh3 13. gxh3 Qxh3 14. Qf3 Qxf3 15. Ndxf3 Nh5 16. Bh2 Bh6 17. Bb5 Nxe5 18. Nxe5 Red8 19. Ng4 Bf8 20. Re2 e6 21. Be5 Bg7 22. f3 a6 23. Bd3 Bxe5 24. Nxe5 Nf4 25. Rh2 f6 26. Ng4 Nxd3 27. Nxf6+ Kg7 28. Nxh7 Rh8 29. Ng5 Rxh2 30. Kxh2 Rh8+ 31. Kg3 Kf6 1/2-1/2

[Event "High Wycombe e2e4 Major"]
[Site "Uplands Park"]
[Date "2011.10.10"]
[Round "5"]
[White "Walker, Adrian"]
[Black "Mavinkurve, Ajay"]
[Result "1/2-1/2"]
[WhiteElo "1826"]
[BlackElo "1594"]
[PlyCount "69"]
[EventDate "2011.10.07"]
[EventType "swiss"]
[EventRounds "5"]
[EventCountry "ENG"]
[SourceTitle "EXT 2023"]
[Source "ChessBase"]
[SourceDate "2022.10.05"]
[SourceVersion "1"]
[SourceVersionDate "2022.10.05"]
[SourceQuality "1"]

1. e4 e5 2. Nf3 Nc6 3. d4 exd4 4. Bc4 Nf6 5. e5 d5 6. Bb5 Ne4 7. Nxd4 Bd7 8. Bxc6 bxc6 9. 0-0 Bc5 10. f3 Ng5 11. f4 Ne4 12. Be3 0-0 13. Nd2 f5 14. exf6 Rxf6 15. Nxe4 dxe4 16. Qd2 Rh6 17. Qf2 Qf6 18. c3 Bd6 19. g3 Rf8 20. f5 Rh5 21. Qe2 g6 22. fxg6 Qxg6 23. Rxf8+ Bxf8 24. Rf1 Bd6 25. Bf4 c5 26. Qc4+ Kg7 27. Bxd6 cxd6 28. Ne2 Be6 29. Qa6 Qh6 30. Qxa7+ Kh8 31. Qa8+ Bg8 32. Qxe4 Rxh2 33. b4 Bd5 34. Qe8+ Bg8 35. Qe4 1/2-1/2

[Event "AUS-ch U18"]
[Site "Canberra"]
[Date "2001.01.21"]
[Round "9.26"]
[White "Walker, Adrian"]
[Black "Tran, Nguyen"]
[Result "0-1"]
[WhiteElo "1101"]
[BlackElo "1289"]
[PlyCount "90"]
[EventDate "2001.01.??"]
[EventType "swiss"]
[EventRounds "11"]
[EventCountry "AUS"]
[SourceTitle "CBM 080 Extra"]
[Source "ChessBase"]
[SourceDate "2001.03.08"]
[SourceVersion "1"]
[SourceVersionDate "2001.03.08"]
[SourceQuality "1"]

1. e4 e5 2. f4 d6 3. Nf3 Nc6 4. Bb5 Bd7 5. 0-0 a6 6. Ba4 b5 7. Bb3 Nf6 8. d3 Be7 9. Nc3 0-0 10. Nd5 Nxd5 11. Bxd5 Rb8 12. Ng5 Be8 13. Nxh7 exf4 14. Nxf8 Kxf8 15. Qh5 Bf6 16. c3 Ne5 17. d4 Ng6 18. Bxf4 Nxf4 19. Rxf4 c6 20. Bb3 g6 21. Qf3 Kg7 22. Rf1 Bg5 23. Rg4 Rb7 24. Qg3 Bh6 25. Bc2 Bd7 26. Rgf4 Bxf4 27. Qxf4 Be6 28. h3 d5 29. e5 Qe7 30. Qf6+ Qxf6 31. Rxf6 Re7 32. Kf2 Re8 33. g3 g5 34. a4 Rh8 35. Kg2 Rh6 36. Rf1 Bxh3+ 37. Kg1 Bxf1 38. Kxf1 Rh2 39. Bf5 Kf8 40. axb5 axb5 41. b3 Ke7 42. g4 Rb2 43. b4 Rb3 44. Ke2 Rxc3 45. Kd2 Rc4 0-1

[Event "AUS-ch U18"]
[Site "Canberra"]
[Date "2001.01.19"]
[Round "8.28"]
[White "Hough, Oliver"]
[Black "Walker, Adrian"]
[Result "1/2-1/2"]
[WhiteElo "685"]
[BlackElo "1101"]
[PlyCount "87"]
[EventDate "2001.01.??"]
[EventType "swiss"]
[EventRounds "11"]
[EventCountry "AUS"]
[SourceTitle "CBM 080 Extra"]
[Source "ChessBase"]
[SourceDate "2001.03.08"]
[SourceVersion "1"]
[SourceVersionDate "2001.03.08"]
[SourceQuality "1"]

1. d4 Nf6 2. Nf3 g6 3. Nc3 Bg7 4. e4 d6 5. Bf4 0-0 6. e5 dxe5 7. dxe5 Qxd1+ 8. Rxd1 Nh5 9. Bg5 f6 10. exf6 exf6 11. Be3 Nc6 12. h3 f5 13. Bc4+ Kh8 14. 0-0 f4 15. Bc5 Rf5 16. Rd5 Bxc3 17. bxc3 Be6 18. Bd4+ Nxd4 19. Rxd4 Bxc4 20. Rxc4 Ra5 21. a4 b6 22. Rd1 g5 23. Kh2 Nf6 24. g3 fxg3+ 25. fxg3 Nd5 26. Rd3 Re8 27. Rcd4 Nf6 28. Rd8 Rxd8 29. Rxd8+ Kg7 30. Rc8 Rc5 31. g4 Rxc3 32. Nxg5 Rxc2+ 33. Kg3 c5 34. Rc7+ Kg6 35. Ne6 Rc3+ 36. Kg2 Ne4 37. Rxa7 Ra3 38. Ra6 c4 39. Rxb6 Kf7 40. Nd4 Rxa4 41. Nb5 c3 42. Rc6 Ra2+ 43. Kf3 Ng5+ 44. Ke3 1/2-1/2